000 00309nam a22001337a 4500
008 171024b xxu||||| |||| 00| 0 eng d
020 _a9780070980358
041 _aeng
080 _a311
100 _a55
101 _aSTA
245 _aBASIC STATISTICS FOR BUSINESS ECONOMICS
_cLIND.M
942 _2udc
_cBK
999 _c35747
_d35747